Global Construction Success
Enregistré dans:
| Auteur principal: | |
|---|---|
| Format: | Livre |
| Publié: |
Wiley
|
| Tags: |
Pas de tags, Soyez le premier à ajouter un tag!
|
MARC
| LEADER | 00000nam a2200000Ia 4500 | ||
|---|---|---|---|
| 005 | 20260513122053.0 | ||
| 020 | |a 9781119440253 | ||
| 100 | |a ONeil | ||
| 365 | |||
| 365 | |b 25.00 | ||
| 942 | |c BK | ||
| 245 | |a Global Construction Success | ||
| 260 | |b Wiley | ||
| 999 | |c 85 |d 85 | ||
| 952 | |0 0 |1 0 |4 0 |7 0 |a UNSW |b UNSW |d 2026-05-06 |g 105.95 |i 16688 |l 0 |p 000115 |r 2026-05-13 12:20:53 |v 105.95 |w 2026-05-13 |y BK | ||